00353nam a22001217a 4500003000900000005001700009008004000026020001500066040002200081245008100103260003000184300001700214DO-SdBNP20171128134326.0171128b cu||||| |||| 00| 0 spa d a9590100341 aBPMSUbspacBPMSU aCuba hoy : bdatos y referencias de una nación que resiste y se desarrolla aLa HabanabPoliticac1992 a17 p,c18 cm